01695cam a2200373 i 4500001001000000003000900010005001700019007000300036008004100039040003000080041000800110082002300118240003700141245021400178264003000392300005500422336002700477337003300504338002800537500005800565504003800623534004600661650008000707650007500787650006700862700004300929700004900972700004801021700004101069910003401110942001401144952014801158999001501306000001631DO-SdBNP20260316142756.0ta850403s1987 mx ac b 001 0 spa  aDO-SdBNPbspacBNPHUerda aspa 4a331.0973bT75822200aWorking for democrac.lEspañol00atrabajar por la democracia :blos trabajadores norteamericanos desde la revolución hasta el presente /ceditado por, Paul Buhle y Alan Dawley ; prólogo, de Herbert G. Gutman ; traducción de, E. Moreno C. 1aMéxico :bNoema,c1987. a174 páginas :bilustraciones, retratos ;c21 cm. atextobtxt2rdacontent asin mediaciónbn2rdamedia avolumenbnc2rdacarrier aA la memoria de Bárbara Mayer Werthrimer, 1925-1983 aBibliografía: páginas 170-172 aTítulo original:tWorking for democrac. a Trabajo y trabajadoreszEstados UnidosxEnsayos, conferencias, etc.985401 aMercado de trabajozEstados UnidosvEnsayos, conferencias, etc.919058 aSindicatoszEstados UnidosxEnsayos, conferencias, etc.9310361 aBuhle, Paul,d1944-eeditor4ed.953321 aDawley, Alan,d1943-2008.eeditor4ed.953331 aGutman, Herbert G.,eprologuista4pr.953341 aMoreno C., E.,etraductor4tr.95335 aCatalogación por copia / LC 2ddccLBS1 00102ddc56708GRaBNPHUbBNPHUcHDd2009-09-10e002344l0oBNPHU GR 331.0973 T758p1631-10r2020-06-25w2020-06-25yLBS1ZPréstamo interno c1521d1521